00598cam a22001937a 4500003000500000005001700005008004100022010001000063011001000073035001000083040000900093082001900102110008000121245010200201260003300303300001100336650003600347650002100383CHAP20220329134334.0971013s1987 r 00010 d a18990 a19962 a24049 cCHAP a581.634063bC4 aCentro Interamericano de Estudios de Seguridad Social Jesús Reyes Heroles13aEl futuro de la medicina tradicional en la atención a la salud de los países latinoamericanos aMéxico :bEl Centro,c1987 a195 p.14aBotánica médicaxCongresos.14aSalud pública.